<?xml version="1.0" encoding="UTF-8"?>
<record
    xmlns:xsi="http://www.w3.org/2001/XMLSchema-instance"
    xsi:schemaLocation="http://www.loc.gov/MARC21/slim http://www.loc.gov/standards/marcxml/schema/MARC21slim.xsd"
    xmlns="http://www.loc.gov/MARC21/slim">

  <leader>02592pam a2200325 a 4500</leader>
  <controlfield tag="001">617779</controlfield>
  <controlfield tag="003">OSt</controlfield>
  <controlfield tag="005">20210414114517.0</controlfield>
  <controlfield tag="008">920819s1993    paua     bf   001 0 eng c</controlfield>
  <datafield tag="010" ind1=" " ind2=" ">
    <subfield code="a">   92049348 </subfield>
  </datafield>
  <datafield tag="020" ind1=" " ind2=" ">
    <subfield code="a">0397549385</subfield>
  </datafield>
  <datafield tag="040" ind1=" " ind2=" ">
    <subfield code="a">DNLM/DLC</subfield>
    <subfield code="c">DLC</subfield>
    <subfield code="d">DLC</subfield>
  </datafield>
  <datafield tag="050" ind1="0" ind2="0">
    <subfield code="a">RT48.N863 </subfield>
  </datafield>
  <datafield tag="060" ind1=" " ind2=" ">
    <subfield code="a">WY 39 N9736</subfield>
  </datafield>
  <datafield tag="082" ind1="0" ind2="0">
    <subfield code="a">610.73</subfield>
    <subfield code="2">20</subfield>
  </datafield>
  <datafield tag="245" ind1="0" ind2="0">
    <subfield code="a">Nurses' handbook of health assessment. /</subfield>
    <subfield code="c">[edited by] Janet Weber.</subfield>
  </datafield>
  <datafield tag="250" ind1=" " ind2=" ">
    <subfield code="a">2nd ed.</subfield>
  </datafield>
  <datafield tag="260" ind1=" " ind2=" ">
    <subfield code="a">Philadelphia :</subfield>
    <subfield code="b">J. B. Lippincott Company,</subfield>
    <subfield code="c">c1993.</subfield>
  </datafield>
  <datafield tag="300" ind1=" " ind2=" ">
    <subfield code="a">xv, 457 p. :</subfield>
    <subfield code="b">ill. (some col.) ;</subfield>
    <subfield code="c">19 cm.</subfield>
  </datafield>
  <datafield tag="500" ind1=" " ind2=" ">
    <subfield code="a">Includes bibliographical references (p. 440-442) and index.</subfield>
  </datafield>
  <datafield tag="505" ind1=" " ind2=" ">
    <subfield code="a">Contents: The Nursing health history: Definition and purpose -- Nursing model versus medical model -- Guidelines for obtaining a nursing health history -- Components of the nursing health history: Client profile -- Developmental history -- Health perception-health management pattern -- Nutritional-metabolic pattern -- Elimination pattern -- Activity-exercise pattern -- Sexuality-reproduction pattern -- Sleep-rest pattern -- Sensory-perceptual pattern -- Cognitive pattern -- Role-relationship pattern -- Self-perception-self-concept pattern -- Coping-stress tolerance pattern -- Value-belief pattern -- Physical assessment -- General physical survey -- Skin, hair, and nail assessment -- Head, neck, and cervical lymph node assessment -- Mouth, oropharynx, nose, and sinus assessment: Mouth and oropharynx assessment -- Nose and sinus assessment -- Eye assessment --Ear assessment -- Thoracic and lung assessment -- Cardiac assessment -- Peripheral vascular assessment -- Breast assessment -- Abdominal assessment -- Genitourinary-reproductive assessment: Assessment of inguinal area -- Assessment of external rectal area -- Assessment of female genitalia -- Assessment of male genitalia -- Musculoskeletal assessment -- Neurological assessment: Mental status assessment -- Cranial nerve assessment -- Sensory nerve assessment -- Motor assessment -- Cerebellar assessment -- Reflex assessment -- Maternal physical assessment: Prenatal maternal assessment -- Prenatal fetal assessment -- Intrapartal maternal assessment -- Postpartal maternal assessment -- Nutritional assessment.</subfield>
  </datafield>
  <datafield tag="650" ind1=" " ind2="0">
    <subfield code="a">Nursing assessment</subfield>
    <subfield code="v">Handbooks, manuals, etc.</subfield>
  </datafield>
  <datafield tag="650" ind1=" " ind2="2">
    <subfield code="a">Nursing Assessment</subfield>
    <subfield code="x">handbooks.</subfield>
  </datafield>
  <datafield tag="650" ind1=" " ind2="2">
    <subfield code="a">Physical Examination</subfield>
    <subfield code="x">handbooks.</subfield>
  </datafield>
  <datafield tag="700" ind1="1" ind2=" ">
    <subfield code="a">Weber, Janet.</subfield>
  </datafield>
  <datafield tag="740" ind1="0" ind2=" ">
    <subfield code="a">Health assessment.</subfield>
  </datafield>
  <datafield tag="906" ind1=" " ind2=" ">
    <subfield code="a">7</subfield>
    <subfield code="b">cbc</subfield>
    <subfield code="c">orignew</subfield>
    <subfield code="d">1</subfield>
    <subfield code="e">ocip</subfield>
    <subfield code="f">19</subfield>
    <subfield code="g">y-gencatlg</subfield>
  </datafield>
  <datafield tag="942" ind1=" " ind2=" ">
    <subfield code="2">lcc</subfield>
    <subfield code="c">BK</subfield>
  </datafield>
  <datafield tag="999" ind1=" " ind2=" ">
    <subfield code="c">5949</subfield>
    <subfield code="d">13449</subfield>
  </datafield>
  <datafield tag="952" ind1=" " ind2=" ">
    <subfield code="0">0</subfield>
    <subfield code="1">0</subfield>
    <subfield code="2">lcc</subfield>
    <subfield code="4">0</subfield>
    <subfield code="7">0</subfield>
    <subfield code="a">WIUC-1</subfield>
    <subfield code="b">WIUC-1</subfield>
    <subfield code="c">NURS L.</subfield>
    <subfield code="d">2016-07-05</subfield>
    <subfield code="l">0</subfield>
    <subfield code="o">RT48.N863</subfield>
    <subfield code="p">NURS/014/16</subfield>
    <subfield code="r">2016-07-05 00:00:00</subfield>
    <subfield code="w">2016-07-05</subfield>
    <subfield code="y">BK</subfield>
  </datafield>
</record>
